000 00328nam a2200145Ia 4500
005 20251222152656.0
008 251222s9999||||xx |||||||||||||| ||spa||
020 _a8430570411
082 _a818.41/M32
100 _aMay Alcott, Luisa
245 0 _aLos Muchachos de Jo
250 _a1ra. ed.
264 _bSueta
942 _cLIB
999 _c28654
_d28654